00626nam a2200169 a 45000010005000000030005000050050017000100080041000270400020000682450207000882600053002953000011003486500025003596500029003847000023004137000020004365068CDMR20130502162239.0130130s1979||||||||||||||||||||||||||||d aCDMRbcatcCDMR03aLa prensa libre en la nueva democracia españolab: conferencias y coloquios del simposio internacional de Barcelona, 14, 15 y 16 de diciembre de 1978cJaume Miravitlles y Josep C. Vergés, directores aBarcelonac1979bLlibertat i Democràcia Social a204 p.04aLlibertat d'impremta04aLlibertat d'informació1 aMiravitlles, Jaume1 aVergés, Josep